Statistics for Random Sequential U.S. State Capitals on a Map

Click here to take the quiz!

General Stats

  • This quiz has been taken 4,397 times
    (2,560 since last reset)
  • The average score is 40 of 50

Answers on the Map

Answers color-coded by a green-red scale on the quiz's map according to % correct below.
 

Answer Stats

Capital% Correct
Austin
84%
Albany
83%
Atlanta
83%
Honolulu
83%
Phoenix
83%
Sacramento
83%
Tallahassee
83%
Baton Rouge
82%
Boston
82%
Indianapolis
82%
Juneau
82%
Nashville
82%
Oklahoma City
82%
Salt Lake City
82%
Boise
81%
Carson City
81%
Columbus
81%
Denver
81%
Olympia
81%
Richmond
81%
Saint Paul
81%
Salem
81%
Augusta
80%
Cheyenne
80%
Dover
80%
Helena
80%
Jackson
80%
Lansing
80%
Little Rock
80%
Santa Fe
80%
Springfield
80%
Trenton
80%
Bismarck
79%
Des Moines
79%
Frankfort
79%
Harrisburg
79%
Hartford
79%
Lincoln
79%
Madison
79%
Pierre
79%
Providence
79%
Raleigh
79%
Topeka
79%
Annapolis
78%
Jefferson City
78%
Montgomery
78%
Montpelier
78%
Charleston
77%
Columbia
77%
Concord
77%

Score Distribution

Percentile by Number Answered

Percent of People with Each Score

Your Score History

You have not taken this quiz since the last reset